<?xml version="1.0" encoding="UTF-8"?>
<collection xmlns="http://www.loc.gov/MARC21/slim">
<record>
  <controlfield tag="001">7159</controlfield>
  <controlfield tag="005">20241216143907.0</controlfield>
  <datafield tag="037" ind1=" " ind2=" ">
    <subfield code="a">CTALK-2024-0185</subfield>
  </datafield>
  <datafield tag="100" ind1=" " ind2=" ">
    <subfield code="a">Manuel Mascarenhas, Adrien</subfield>
  </datafield>
  <datafield tag="245" ind1=" " ind2=" ">
    <subfield code="a">First Meteor Observations with SPADE</subfield>
  </datafield>
  <datafield tag="260" ind1=" " ind2=" ">
    <subfield code="c">2024</subfield>
  </datafield>
  <datafield tag="269" ind1=" " ind2=" ">
    <subfield code="c">2024-09-20</subfield>
  </datafield>
  <datafield tag="520" ind1=" " ind2=" ">
    <subfield code="a">Various technical parameters of the Solar Phase-Array Demonstrator located at the Humain Radio Astronomy Station of the Royal Observatory of Belgium have been adjusted to initiate its operation in radio frequency. The BRAMS radio beacon, located in Dourbes, Belgium, offers an opportunity to verify the instrument’s performance by observing radio meteor echoes. This paper presents the preliminary results obtained with the instrument.</subfield>
  </datafield>
  <datafield tag="594" ind1=" " ind2=" ">
    <subfield code="a">STCE</subfield>
  </datafield>
  <datafield tag="700" ind1=" " ind2=" ">
    <subfield code="a">Maurice, Lucas</subfield>
  </datafield>
  <datafield tag="700" ind1=" " ind2=" ">
    <subfield code="a">Martínez Picar, Antonio</subfield>
  </datafield>
  <datafield tag="700" ind1=" " ind2=" ">
    <subfield code="a">Marqué, Christophe</subfield>
  </datafield>
  <datafield tag="773" ind1=" " ind2=" ">
    <subfield code="t">International Meteor Conference - Kutná Hora, Czech Republic.</subfield>
  </datafield>
  <datafield tag="856" ind1="0" ind2=" ">
    <subfield code="f">antonio.martinez@ksb-orb.be</subfield>
  </datafield>
  <datafield tag="856" ind1="4" ind2="2">
    <subfield code="a">https://imc2024.imo.net/program</subfield>
  </datafield>
  <datafield tag="856" ind1="4" ind2=" ">
    <subfield code="s">5612866</subfield>
    <subfield code="u">http://publi2-as.oma.be/record/7159/files/2024 Manuel-Mascarenhas et al - Lecture.pdf</subfield>
    <subfield code="y">Slides</subfield>
  </datafield>
  <datafield tag="856" ind1="4" ind2=" ">
    <subfield code="s">7140</subfield>
    <subfield code="u">http://publi2-as.oma.be/record/7159/files/2024 Manuel-Mascarenhas et al - Lecture.gif?subformat=icon</subfield>
    <subfield code="x">icon</subfield>
    <subfield code="y">Slides</subfield>
  </datafield>
  <datafield tag="856" ind1="4" ind2=" ">
    <subfield code="s">8320</subfield>
    <subfield code="u">http://publi2-as.oma.be/record/7159/files/2024 Manuel-Mascarenhas et al - Lecture.jpg?subformat=icon-180</subfield>
    <subfield code="x">icon-180</subfield>
    <subfield code="y">Slides</subfield>
  </datafield>
  <datafield tag="906" ind1=" " ind2=" ">
    <subfield code="a">Contributed</subfield>
  </datafield>
  <datafield tag="980" ind1=" " ind2=" ">
    <subfield code="a">CTALKCONT</subfield>
  </datafield>
</record>
</collection>